[Event "DVM U10 2023"]
[Site "Magdeburg GER"]
[Date "2023.12.28"]
[Round "4"]
[White "Döscher, Rasmus"]
[Black "Andersen, Jonathan"]
[Result "0-1"]
[Termination "normal"]
[Board "15.1"]
[WhiteElo "1171"]
[BlackElo "1488"]
[WhiteClock "00:16:05"]
[BlackClock "00:35:13"]
[WhiteTeam "SK Bremen-Nord"]
[BlackTeam "SK Johanneum Eppendorf"]
[PlyCount "112"]
[WhiteFideId "34625038"]
[BlackFideId "34623884"]
[EventCountry "GER"]
[EventRounds "7"]
[EventType "team-swiss"]
[EventDate "2023.12.27"]

1. d4 {[%clk 00:55:08]} {[%emt 00:00:01]} Nf6 {[%clk 00:55:07]} {[%emt
00:00:04]} 2. c4 {[%clk 00:54:58]} {[%emt 00:00:15]} g6 {[%clk 00:55:08]}
{[%emt 00:00:04]} 3. Nc3 {[%clk 00:54:38]} {[%emt 00:00:24]} d5 {[%clk
00:55:08]} {[%emt 00:00:05]} 4. cxd5 {[%clk 00:53:56]} {[%emt 00:00:47]} Nxd5
{[%emt 00:02:11]} 5. Nf3 {[%clk 00:53:08]} {[%emt 00:00:01]} Bg7 {[%clk
00:53:49]} {[%emt 00:00:11]} 6. e4 {[%clk 00:52:33]} {[%emt 00:00:40]} Nxc3
{[%clk 00:53:09]} {[%emt 00:00:45]} 7. bxc3 {[%clk 00:51:53]} {[%emt 00:00:44]}
c5 {[%clk 00:53:04]} {[%emt 00:00:12]} 8. Be3 {[%clk 00:51:04]} {[%emt
00:00:52]} Bg4 {[%clk 00:52:49]} {[%emt 00:00:21]} 9. e5 {[%clk 00:48:16]}
{[%emt 00:02:53]} O-O {[%clk 00:52:40]} {[%emt 00:00:14]} 10. Be2 {[%clk
00:47:37]} {[%emt 00:00:40]} Nc6 {[%clk 00:52:28]} {[%emt 00:00:21]} 11. O-O
{[%clk 00:47:15]} {[%emt 00:00:26]} Qa5 {[%clk 00:52:12]} {[%emt 00:00:21]} 12.
Qc2 {[%clk 00:46:11]} {[%emt 00:01:09]} Rac8 {[%clk 00:51:45]} {[%emt
00:00:32]} 13. Qb3 {[%clk 00:45:20]} {[%emt 00:00:57]} Rfd8 {[%clk 00:49:42]}
{[%emt 00:02:08]} 14. Qxb7 {[%clk 00:43:25]} {[%emt 00:02:00]} Qxc3 {[%clk
00:47:44]} {[%emt 00:02:03]} 15. Rac1 {[%clk 00:42:15]} {[%emt 00:01:13]} Qb4
{[%clk 00:46:38]} {[%emt 00:01:13]} 16. Qxb4 {[%clk 00:37:05]} {[%emt
00:05:15]} cxb4 {[%clk 00:46:23]} {[%emt 00:00:20]} 17. Rfd1 {[%clk 00:35:30]}
{[%emt 00:01:39]} e6 {[%clk 00:45:37]} {[%emt 00:00:52]} 18. h3 {[%clk
00:34:45]} {[%emt 00:00:50]} Bf5 {[%clk 00:44:52]} {[%emt 00:00:49]} 19. Bb5
{[%clk 00:32:01]} {[%emt 00:02:50]} Be4 {[%clk 00:44:39]} {[%emt 00:00:18]} 20.
Be2 {[%clk 00:29:20]} {[%emt 00:02:46]} Bd5 {[%clk 00:44:12]} {[%emt 00:00:31]}
21. Rd2 {[%clk 00:28:29]} {[%emt 00:00:57]} Bxf3 {[%clk 00:42:18]} {[%emt
00:01:58]} 22. Bxf3 {[%clk 00:28:23]} {[%emt 00:00:12]} Nxe5 {[%clk 00:41:46]}
{[%emt 00:00:36]} 23. Rxc8 {[%clk 00:27:09]} {[%emt 00:01:19]} Nxf3+ {[%clk
00:41:44]} {[%emt 00:00:08]} 24. gxf3 {[%clk 00:27:04]} {[%emt 00:00:09]} Rxc8
{[%clk 00:41:45]} {[%emt 00:00:05]} 25. Rb2 {[%clk 00:26:09]} {[%emt 00:01:01]}
a5 {[%clk 00:41:17]} {[%emt 00:00:32]} 26. Rd2 {[%clk 00:25:45]} {[%emt
00:00:29]} Kf8 {[%clk 00:41:05]} {[%emt 00:00:17]} 27. d5 {[%clk 00:25:09]}
{[%emt 00:00:41]} Ke7 {[%clk 00:40:45]} {[%emt 00:00:25]} 28. Bb6 {[%clk
00:24:24]} {[%emt 00:00:50]} a4 {[%clk 00:39:24]} {[%emt 00:01:25]} 29. d6+
{[%clk 00:23:35]} {[%emt 00:00:54]} Kd7 {[%clk 00:38:50]} {[%emt 00:00:39]} 30.
Bd4 {[%clk 00:23:24]} {[%emt 00:00:16]} e5 {[%clk 00:38:24]} {[%emt 00:00:32]}
31. Be3 {[%clk 00:23:09]} {[%emt 00:00:19]} Rc6 {[%clk 00:38:14]} {[%emt
00:00:16]} 32. Rb2 {[%clk 00:22:12]} {[%emt 00:01:02]} Rc4 {[%clk 00:38:00]}
{[%emt 00:00:19]} 33. Bd2 {[%clk 00:22:01]} {[%emt 00:00:16]} e4 {[%clk
00:37:57]} {[%emt 00:00:07]} 34. Rxb4 {[%clk 00:21:45]} {[%emt 00:00:22]} Rxb4
{[%clk 00:37:57]} {[%emt 00:00:05]} 35. Bxb4 {[%clk 00:21:40]} {[%emt
00:00:08]} exf3 {[%clk 00:37:56]} {[%emt 00:00:07]} 36. Kh2 {[%clk 00:21:17]}
{[%emt 00:00:28]} Be5+ {[%clk 00:37:55]} {[%emt 00:00:06]} 37. Kg1 {[%clk
00:21:10]} {[%emt 00:00:13]} Bxd6 {[%clk 00:37:53]} {[%emt 00:00:07]} 38. Bc3
{[%clk 00:20:22]} {[%emt 00:00:53]} Kc6 {[%clk 00:37:08]} {[%emt 00:00:50]} 39.
Kf1 {[%clk 00:20:09]} {[%emt 00:00:18]} Kb5 {[%clk 00:37:08]} {[%emt 00:00:05]}
40. Ke1 {[%clk 00:19:22]} {[%emt 00:00:52]} Bb4 {[%clk 00:37:08]} {[%emt
00:00:05]} 41. Kd2 {[%clk 00:19:08]} {[%emt 00:00:19]} f5 {[%clk 00:36:54]}
{[%emt 00:00:19]} 42. Kd3 {[%clk 00:18:52]} {[%emt 00:00:21]} Bxc3 {[%clk
00:36:51]} {[%emt 00:00:08]} 43. Kxc3 {[%clk 00:18:51]} {[%emt 00:00:06]} g5
{[%clk 00:36:51]} {[%emt 00:00:04]} 44. Kd3 {[%clk 00:18:12]} {[%emt 00:00:45]}
g4 {[%clk 00:36:51]} {[%emt 00:00:05]} 45. hxg4 {[%clk 00:18:03]} {[%emt
00:00:14]} fxg4 {[%clk 00:36:50]} {[%emt 00:00:05]} 46. Ke3 {[%clk 00:17:38]}
{[%emt 00:00:31]} Kb4 {[%clk 00:36:50]} {[%emt 00:00:05]} 47. Kf4 {[%clk
00:17:34]} {[%emt 00:00:09]} h5 {[%clk 00:36:50]} {[%emt 00:00:05]} 48. Kg3
{[%clk 00:17:27]} {[%emt 00:00:12]} Ka3 {[%clk 00:36:50]} {[%emt 00:00:05]} 49.
Kh4 {[%clk 00:17:24]} {[%emt 00:00:08]} Kxa2 {[%clk 00:36:50]} {[%emt
00:00:05]} 50. Kg3 {[%clk 00:16:55]} {[%emt 00:00:33]} Kb2 {[%clk 00:36:49]}
{[%emt 00:00:06]} 51. Kh2 {[%clk 00:16:38]} {[%emt 00:00:23]} h4 {[%clk
00:36:48]} {[%emt 00:00:05]} 52. Kg1 {[%clk 00:16:31]} {[%emt 00:00:12]} a3
{[%clk 00:36:49]} {[%emt 00:00:05]} 53. Kh1 {[%clk 00:16:25]} {[%emt 00:00:11]}
g3 {[%clk 00:36:41]} {[%emt 00:00:12]} 54. fxg3 {[%clk 00:16:12]} {[%emt
00:00:19]} hxg3 {[%clk 00:36:41]} {[%emt 00:00:05]} 55. Kg1 {[%clk 00:16:06]}
{[%emt 00:00:12]} a2 {[%clk 00:36:42]} {[%emt 00:00:03]} 56. Kh1 {[%clk
00:16:05]} {[%emt 00:00:05]} a1=Q+ {[%clk 00:35:13]} {[%emt 00:00:06]} 0-1

[Event "DVM U10 2023"]
[Site "Magdeburg GER"]
[Date "2023.12.28"]
[Round "4"]
[White "Roycroft, Joris Brian"]
[Black "Döscher, Nayla"]
[Result "1/2-1/2"]
[Termination "normal"]
[Board "15.2"]
[WhiteElo "1031"]
[BlackElo "1263"]
[WhiteClock "00:50:34"]
[BlackClock "00:34:03"]
[WhiteTeam "SK Johanneum Eppendorf"]
[BlackTeam "SK Bremen-Nord"]
[PlyCount "52"]
[BlackFideId "34625046"]
[EventCountry "GER"]
[EventRounds "7"]
[EventType "team-swiss"]
[EventDate "2023.12.27"]

1. e4 {[%clk 00:55:09]} e5 {[%clk 00:55:04]} {[%emt 00:00:06]} 2. Nf3 {[%clk
00:55:10]} {[%emt 00:00:05]} Nc6 {[%clk 00:55:03]} {[%emt 00:00:06]} 3. d4
{[%clk 00:55:11]} {[%emt 00:00:04]} exd4 {[%clk 00:54:48]} {[%emt 00:00:20]} 4.
Nxd4 {[%clk 00:55:11]} {[%emt 00:00:05]} Bc5 {[%clk 00:53:46]} {[%emt
00:01:06]} 5. Be3 {[%clk 00:55:11]} {[%emt 00:00:05]} Qf6 {[%clk 00:53:31]}
{[%emt 00:00:20]} 6. c3 {[%clk 00:55:13]} {[%emt 00:00:04]} b6 {[%clk
00:50:59]} {[%emt 00:02:37]} 7. Bc4 {[%clk 00:54:46]} {[%emt 00:00:32]} Bb7
{[%clk 00:50:28]} {[%emt 00:00:35]} 8. O-O {[%clk 00:54:42]} {[%emt 00:00:10]}
Nge7 {[%clk 00:50:10]} {[%emt 00:00:23]} 9. f4 {[%clk 00:54:39]} {[%emt
00:00:07]} Ng6 {[%clk 00:49:14]} {[%emt 00:01:02]} 10. e5 {[%clk 00:54:32]}
{[%emt 00:00:12]} Qd8 {[%clk 00:48:27]} {[%emt 00:00:51]} 11. Nd2 {[%clk
00:54:25]} {[%emt 00:00:12]} Nxd4 {[%clk 00:47:26]} {[%emt 00:01:06]} 12. cxd4
{[%clk 00:54:04]} {[%emt 00:00:26]} Bb4 {[%clk 00:46:34]} {[%emt 00:00:56]} 13.
f5 {[%clk 00:53:46]} {[%emt 00:00:23]} Ne7 {[%clk 00:44:50]} {[%emt 00:01:50]}
14. e6 {[%clk 00:53:39]} {[%emt 00:00:12]} dxe6 {[%clk 00:43:45]} {[%emt
00:01:11]} 15. fxe6 {[%clk 00:53:22]} {[%emt 00:00:21]} fxe6 {[%clk 00:43:08]}
{[%emt 00:00:42]} 16. Qa4+ {[%clk 00:53:10]} {[%emt 00:00:18]} Nc6 {[%clk
00:42:31]} {[%emt 00:00:41]} 17. Bb5 {[%clk 00:52:54]} {[%emt 00:00:22]} Qd6
{[%clk 00:40:33]} {[%emt 00:02:01]} 18. Bf4 {[%clk 00:52:37]} {[%emt 00:00:23]}
Qxd4+ {[%clk 00:40:00]} {[%emt 00:00:38]} 19. Kh1 {[%clk 00:52:23]} {[%emt
00:00:25]} O-O {[%clk 00:37:49]} {[%emt 00:02:21]} 20. Bxc6 {[%clk 00:52:25]}
{[%emt 00:00:03]} Bxc6 {[%clk 00:37:50]} {[%emt 00:00:04]} 21. Qxc6 {[%clk
00:52:11]} {[%emt 00:00:19]} Bxd2 {[%clk 00:36:51]} {[%emt 00:01:03]} 22. Bxd2
{[%clk 00:52:10]} {[%emt 00:00:06]} Qxd2 {[%clk 00:36:41]} {[%emt 00:00:15]}
23. Qxe6+ {[%clk 00:52:04]} {[%emt 00:00:11]} Kh8 {[%clk 00:36:33]} {[%emt
00:00:13]} 24. Qe7 {[%clk 00:51:12]} {[%emt 00:00:56]} Qd8 {[%clk 00:34:48]}
{[%emt 00:01:51]} 25. Rxf8+ {[%clk 00:50:38]} {[%emt 00:00:40]} Qxf8 {[%clk
00:34:42]} {[%emt 00:00:11]} 26. Qxc7 {[%clk 00:50:34]} {[%emt 00:00:09]} Qf2
{[%clk 00:34:03]} {[%emt 00:00:44]} 1/2-1/2

[Event "DVM U10 2023"]
[Site "Magdeburg GER"]
[Date "2023.12.28"]
[Round "4"]
[White "Szymaniak, Josh"]
[Black "Klofta, Jona"]
[Result "0-1"]
[Termination "normal"]
[Board "15.3"]
[WhiteElo "775"]
[BlackElo "936"]
[WhiteClock "00:52:44"]
[BlackClock "00:51:25"]
[WhiteTeam "SK Bremen-Nord"]
[BlackTeam "SK Johanneum Eppendorf"]
[PlyCount "62"]
[EventCountry "GER"]
[EventRounds "7"]
[EventType "team-swiss"]
[EventDate "2023.12.27"]

1. e4 {[%clk 00:55:09]} {[%emt 00:03:37]} d5 {[%clk 00:55:09]} {[%emt
00:00:02]} 2. d3 {[%clk 00:55:04]} {[%emt 00:00:11]} dxe4 {[%clk 00:55:11]}
{[%emt 00:00:02]} 3. dxe4 {[%clk 00:55:06]} {[%emt 00:00:04]} Qxd1+ {[%clk
00:54:55]} {[%emt 00:00:20]} 4. Kxd1 {[%clk 00:55:01]} {[%emt 00:00:04]} Nc6
{[%clk 00:54:57]} {[%emt 00:00:09]} 5. Bb5 {[%clk 00:54:59]} {[%emt 00:00:07]}
Bd7 {[%clk 00:54:54]} {[%emt 00:00:08]} 6. Nf3 {[%clk 00:54:58]} {[%emt
00:00:06]} Nf6 {[%clk 00:54:42]} {[%emt 00:00:17]} 7. Bd2 {[%clk 00:54:53]}
{[%emt 00:00:09]} Nxe4 {[%clk 00:54:37]} {[%emt 00:00:10]} 8. Nc3 {[%clk
00:54:50]} {[%emt 00:00:09]} Nxf2+ {[%clk 00:54:34]} {[%emt 00:00:09]} 9. Ke1
{[%clk 00:54:46]} {[%emt 00:00:08]} Nxh1 {[%clk 00:54:33]} {[%emt 00:00:06]}
10. Ke2 {[%clk 00:54:43]} {[%emt 00:00:08]} Ng3+ {[%clk 00:54:28]} {[%emt
00:00:10]} 11. hxg3 {[%clk 00:54:42]} {[%emt 00:00:06]} a6 {[%clk 00:54:21]}
{[%emt 00:00:12]} 12. Bc4 {[%clk 00:54:40]} {[%emt 00:00:08]} e6 {[%clk
00:54:13]} {[%emt 00:00:12]} 13. Be3 {[%clk 00:54:22]} {[%emt 00:00:22]} O-O-O
{[%clk 00:54:05]} {[%emt 00:00:14]} 14. Kd2 {[%clk 00:54:15]} {[%emt 00:00:12]}
e5 {[%clk 00:53:51]} {[%emt 00:00:18]} 15. Ng1 {[%clk 00:54:05]} {[%emt
00:00:16]} Bb4 {[%clk 00:53:33]} {[%emt 00:00:23]} 16. Bg5 {[%clk 00:53:59]}
{[%emt 00:00:11]} f6 {[%clk 00:53:22]} {[%emt 00:00:16]} 17. Be3 {[%clk
00:53:58]} {[%emt 00:00:06]} Be6+ {[%clk 00:53:16]} {[%emt 00:00:10]} 18. Ke2
{[%clk 00:53:57]} {[%emt 00:00:07]} Bxc4+ {[%clk 00:53:09]} {[%emt 00:00:12]}
19. Kf2 {[%clk 00:53:56]} {[%emt 00:00:06]} Bxc3 {[%clk 00:53:03]} {[%emt
00:00:11]} 20. bxc3 {[%clk 00:53:53]} {[%emt 00:00:06]} e4 {[%clk 00:52:52]}
{[%emt 00:00:19]} 21. g4 {[%clk 00:53:35]} {[%emt 00:00:23]} Ne5 {[%clk
00:52:36]} {[%emt 00:00:20]} 22. Kg3 {[%clk 00:53:23]} {[%emt 00:00:17]} h5
{[%clk 00:52:24]} {[%emt 00:00:18]} 23. gxh5 {[%clk 00:53:20]} {[%emt
00:00:07]} Rxh5 {[%clk 00:52:20]} {[%emt 00:00:09]} 24. Bf4 {[%clk 00:53:04]}
{[%emt 00:01:21]} g5 {[%clk 00:51:48]} {[%emt 00:00:21]} 25. Bxe5 {[%clk
00:53:04]} {[%emt 00:00:04]} fxe5 {[%clk 00:51:45]} {[%emt 00:00:08]} 26. Kg4
{[%clk 00:53:04]} {[%emt 00:00:06]} Rh1 {[%clk 00:51:40]} {[%emt 00:00:09]} 27.
Kxg5 {[%clk 00:53:03]} {[%emt 00:00:06]} Rg8+ {[%clk 00:51:39]} {[%emt
00:00:07]} 28. Kf6 {[%clk 00:52:57]} {[%emt 00:00:11]} Rxg2 {[%clk 00:51:36]}
{[%emt 00:00:08]} 29. Kxe5 {[%clk 00:52:54]} {[%emt 00:00:08]} Rgxg1 {[%clk
00:51:34]} {[%emt 00:00:07]} 30. Rxg1 {[%clk 00:52:47]} {[%emt 00:00:11]} Rxg1
{[%clk 00:51:27]} {[%emt 00:00:12]} 31. Kxe4 {[%clk 00:52:44]} {[%emt
00:00:09]} Bxa2 {[%clk 00:51:25]} {[%emt 00:00:07]} 0-1

[Event "DVM U10 2023"]
[Site "Magdeburg GER"]
[Date "2023.12.28"]
[Round "4"]
[White "Süßdorf, Can"]
[Black "Bienbeck, Matthis"]
[Result "0-1"]
[Termination "normal"]
[Board "16.2"]
[WhiteElo "928"]
[BlackElo "1279"]
[WhiteClock "00:32:33"]
[BlackClock "00:37:42"]
[WhiteTeam "SC Ramstein-Miesenbach"]
[BlackTeam "SG Porz"]
[PlyCount "72"]
[EventCountry "GER"]
[EventRounds "7"]
[EventType "team-swiss"]
[EventDate "2023.12.27"]

1. e4 {[%clk 00:55:08]} {[%emt 00:00:02]} c5 {[%clk 00:55:00]} {[%emt
00:00:10]} 2. Nc3 {[%clk 00:55:00]} {[%emt 00:00:13]} Nc6 {[%clk 00:54:56]}
{[%emt 00:00:09]} 3. Nf3 {[%clk 00:54:48]} {[%emt 00:00:16]} g6 {[%clk
00:54:49]} {[%emt 00:00:13]} 4. Bc4 {[%clk 00:54:24]} {[%emt 00:00:29]} Bg7
{[%clk 00:54:29]} {[%emt 00:00:25]} 5. O-O {[%clk 00:54:10]} {[%emt 00:00:19]}
d6 {[%clk 00:54:21]} {[%emt 00:00:13]} 6. d3 {[%clk 00:52:58]} {[%emt
00:01:16]} Nf6 {[%clk 00:54:19]} {[%emt 00:00:08]} 7. b3 {[%clk 00:52:36]}
{[%emt 00:00:28]} Nxe4 {[%clk 00:53:31]} {[%emt 00:00:52]} 8. dxe4 {[%clk
00:52:09]} {[%emt 00:00:32]} Bxc3 {[%emt 00:00:12]} 9. Rb1 {[%clk 00:51:40]}
{[%emt 00:00:29]} Bg4 {[%clk 00:52:22]} {[%emt 00:01:12]} 10. Bb2 {[%clk
00:51:06]} {[%emt 00:00:39]} Bxb2 {[%emt 00:00:19]} 11. Rxb2 {[%clk 00:50:16]}
{[%emt 00:00:52]} Nd4 {[%clk 00:52:06]} {[%emt 00:00:11]} 12. Be2 {[%clk
00:49:05]} {[%emt 00:01:14]} Bxf3 {[%clk 00:51:38]} {[%emt 00:00:33]} 13. Bxf3
{[%clk 00:47:56]} {[%emt 00:01:13]} Nxf3+ {[%clk 00:51:25]} {[%emt 00:00:19]}
14. Qxf3 {[%clk 00:47:51]} {[%emt 00:00:08]} O-O {[%clk 00:51:23]} {[%emt
00:00:09]} 15. c4 {[%clk 00:47:15]} {[%emt 00:00:41]} f5 {[%clk 00:50:49]}
{[%emt 00:00:39]} 16. Rd2 {[%clk 00:45:52]} {[%emt 00:01:28]} Qc7 {[%clk
00:49:46]} {[%emt 00:01:09]} 17. exf5 {[%clk 00:44:51]} {[%emt 00:01:05]} Rxf5
{[%clk 00:49:32]} {[%emt 00:00:18]} 18. Qe4 {[%clk 00:44:24]} {[%emt 00:00:32]}
Re5 {[%clk 00:48:15]} {[%emt 00:01:23]} 19. Qh4 {[%clk 00:43:48]} {[%emt
00:00:34]} Rf8 {[%clk 00:47:46]} {[%emt 00:00:41]} 20. a4 {[%clk 00:42:28]}
{[%emt 00:01:25]} Rff5 {[%clk 00:46:33]} {[%emt 00:01:17]} 21. Rd3 {[%clk
00:41:04]} {[%emt 00:01:30]} Rh5 {[%clk 00:46:15]} {[%emt 00:00:23]} 22. Qg3
{[%clk 00:40:16]} {[%emt 00:00:39]} Reg5 {[%clk 00:45:46]} {[%emt 00:00:48]}
23. Qe3 {[%clk 00:39:45]} {[%emt 00:00:35]} d5 {[%clk 00:42:11]} {[%emt
00:03:42]} 24. h3 {[%clk 00:39:05]} {[%emt 00:00:43]} d4 {[%clk 00:39:57]}
{[%emt 00:02:20]} 25. Qe6+ {[%clk 00:38:45]} {[%emt 00:00:24]} Kg7 {[%clk
00:39:14]} {[%emt 00:00:49]} 26. Re1 {[%clk 00:37:20]} {[%emt 00:01:26]} Re5
{[%clk 00:39:00]} {[%emt 00:00:23]} 27. Rxe5 {[%clk 00:37:01]} {[%emt
00:00:24]} Rxe5 {[%clk 00:38:57]} {[%emt 00:00:08]} 28. Qxe5+ {[%clk 00:34:43]}
{[%emt 00:02:24]} Qxe5 {[%clk 00:38:53]} {[%emt 00:00:10]} 29. g3 {[%clk
00:34:22]} {[%emt 00:00:24]} Qe1+ {[%clk 00:38:47]} {[%emt 00:00:11]} 30. Kg2
{[%clk 00:34:24]} {[%emt 00:00:04]} Qe4+ {[%clk 00:38:33]} {[%emt 00:00:19]}
31. Rf3 {[%clk 00:34:20]} {[%emt 00:00:09]} d3 {[%clk 00:38:32]} {[%emt
00:00:06]} 32. g4 {[%emt 00:01:20]} d2 {[%clk 00:38:18]} {[%emt 00:00:16]} 33.
Kg3 {[%clk 00:33:10]} {[%emt 00:00:02]} d1=Q {[%clk 00:38:07]} {[%emt
00:00:16]} 34. Rc3 {[%clk 00:33:03]} {[%emt 00:00:13]} Qg1+ {[%clk 00:38:01]}
{[%emt 00:00:11]} 35. Kh4 {[%clk 00:32:50]} {[%emt 00:00:24]} Qxf2+ {[%clk
00:37:56]} {[%emt 00:00:10]} 36. Rg3 {[%clk 00:32:33]} {[%emt 00:00:21]} Qef4
{[%clk 00:37:42]} {[%emt 00:00:19]} 0-1

[Event "DVM U10 2023"]
[Site "Magdeburg GER"]
[Date "2023.12.28"]
[Round "4"]
[White "Vahner, Danyil"]
[Black "Stösel, Roman"]
[Result "0-1"]
[Termination "normal"]
[Board "16.3"]
[WhiteElo "772"]
[BlackElo "787"]
[WhiteClock "00:39:29"]
[BlackClock "00:19:16"]
[WhiteTeam "SG Porz"]
[BlackTeam "SC Ramstein-Miesenbach"]
[PlyCount "88"]
[EventCountry "GER"]
[EventRounds "7"]
[EventType "team-swiss"]
[EventDate "2023.12.27"]

1. e4 {[%clk 00:55:08]} {[%emt 00:00:01]} e5 {[%clk 00:55:08]} {[%emt
00:00:02]} 2. Nf3 {[%clk 00:54:58]} {[%emt 00:00:16]} Nc6 {[%clk 00:55:05]}
{[%emt 00:00:09]} 3. Bc4 {[%clk 00:54:53]} {[%emt 00:00:09]} Nd4 {[%clk
00:53:49]} {[%emt 00:01:20]} 4. Nxd4 {[%clk 00:54:31]} {[%emt 00:00:27]} exd4
{[%clk 00:53:39]} {[%emt 00:00:08]} 5. c3 {[%clk 00:54:27]} {[%emt 00:00:16]}
dxc3 {[%clk 00:52:24]} {[%emt 00:01:20]} 6. Qf3 {[%clk 00:54:20]} {[%emt
00:00:11]} Qf6 {[%clk 00:51:37]} {[%emt 00:00:53]} 7. Qxc3 {[%clk 00:53:50]}
{[%emt 00:00:36]} Qxc3 {[%clk 00:51:32]} {[%emt 00:00:08]} 8. Nxc3 {[%emt
00:00:14]} Nf6 {[%emt 00:00:10]} 9. d4 {[%clk 00:53:20]} {[%emt 00:00:11]} c5
{[%clk 00:49:17]} {[%emt 00:02:22]} 10. d5 {[%clk 00:53:05]} {[%emt 00:00:20]}
Bd6 {[%clk 00:48:42]} {[%emt 00:00:40]} 11. f4 {[%clk 00:52:49]} {[%emt
00:00:19]} Bc7 {[%clk 00:47:36]} {[%emt 00:01:09]} 12. e5 {[%clk 00:52:34]}
{[%emt 00:00:47]} Ng8 {[%clk 00:43:54]} {[%emt 00:03:45]} 13. a3 {[%clk
00:52:03]} {[%emt 00:00:37]} Ba5 {[%clk 00:43:17]} {[%emt 00:00:41]} 14. O-O
{[%clk 00:51:41]} {[%emt 00:00:27]} Bxc3 {[%clk 00:43:07]} {[%emt 00:00:17]}
15. bxc3 {[%clk 00:51:39]} {[%emt 00:00:07]} f6 {[%emt 00:00:19]} 16. Be3
{[%clk 00:51:32]} {[%emt 00:00:10]} b6 {[%clk 00:41:24]} {[%emt 00:01:37]} 17.
a4 {[%clk 00:51:11]} {[%emt 00:00:25]} Bb7 {[%clk 00:40:43]} {[%emt 00:00:47]}
18. a5 {[%clk 00:50:51]} {[%emt 00:00:25]} bxa5 {[%clk 00:40:20]} {[%emt
00:00:26]} 19. Rxa5 {[%clk 00:50:43]} {[%emt 00:00:12]} fxe5 {[%clk 00:39:51]}
{[%emt 00:00:36]} 20. fxe5 {[%clk 00:50:38]} {[%emt 00:00:11]} Ne7 {[%clk
00:37:06]} {[%emt 00:02:48]} 21. Rxc5 {[%clk 00:50:12]} {[%emt 00:00:33]} Rc8
{[%clk 00:35:48]} {[%emt 00:01:15]} 22. Rxc8+ {[%clk 00:49:51]} {[%emt
00:00:33]} Bxc8 {[%clk 00:35:24]} {[%emt 00:00:25]} 23. Bxa7 {[%clk 00:49:39]}
{[%emt 00:00:21]} Bb7 {[%clk 00:35:02]} {[%emt 00:00:26]} 24. d6 {[%clk
00:49:11]} {[%emt 00:00:35]} Nc6 {[%clk 00:34:54]} {[%emt 00:00:13]} 25. Bf7+
{[%clk 00:48:26]} {[%emt 00:00:49]} Kd8 {[%emt 00:01:25]} 26. Bb6+ {[%clk
00:47:52]} Kc8 {[%clk 00:33:42]} {[%emt 00:00:36]} 27. e6 {[%clk 00:47:19]}
{[%emt 00:00:39]} Ba6 {[%clk 00:33:18]} {[%emt 00:00:29]} 28. Ra1 {[%clk
00:46:51]} {[%emt 00:00:32]} Bc4 {[%clk 00:32:56]} {[%emt 00:00:27]} 29. exd7+
{[%clk 00:46:38]} {[%emt 00:00:17]} Kxd7 {[%clk 00:31:43]} {[%emt 00:01:19]}
30. Bxc4 {[%clk 00:46:26]} {[%emt 00:00:15]} Kxd6 {[%clk 00:31:41]} {[%emt
00:00:09]} 31. Rd1+ {[%clk 00:46:07]} {[%emt 00:00:23]} Ke7 {[%clk 00:31:01]}
{[%emt 00:00:46]} 32. Bc5+ {[%clk 00:45:53]} {[%emt 00:00:20]} Kf6 {[%clk
00:30:29]} {[%emt 00:00:37]} 33. Rd6+ {[%clk 00:45:28]} {[%emt 00:00:29]} Ke5
{[%clk 00:25:58]} {[%emt 00:04:35]} 34. Rxc6 {[%clk 00:45:12]} {[%emt
00:00:23]} Rd8 {[%clk 00:24:35]} {[%emt 00:01:23]} 35. Re6+ {[%clk 00:44:44]}
{[%emt 00:00:37]} Kf4 {[%clk 00:24:08]} {[%emt 00:00:27]} 36. g3+ {[%clk
00:44:43]} {[%emt 00:00:12]} Kf3 {[%clk 00:23:27]} {[%emt 00:00:10]} 37. Rd6
{[%clk 00:44:34]} {[%emt 00:00:48]} Re8 {[%clk 00:23:21]} {[%emt 00:00:10]} 38.
Bd5+ {[%clk 00:43:57]} {[%emt 00:00:43]} Kg4 {[%clk 00:22:31]} {[%emt
00:00:45]} 39. Re6 {[%clk 00:43:30]} {[%emt 00:00:42]} Rc8 {[%clk 00:21:40]}
{[%emt 00:00:47]} 40. Rc6 {[%clk 00:43:04]} {[%emt 00:00:41]} Rd8 {[%clk
00:21:01]} {[%emt 00:00:43]} 41. Be6+ {[%clk 00:42:23]} {[%emt 00:00:47]} Kf3
{[%clk 00:20:38]} {[%emt 00:00:27]} 42. Rd6 {[%clk 00:41:30]} {[%emt 00:00:58]}
Rb8 {[%clk 00:20:24]} {[%emt 00:00:20]} 43. Rd5 {[%clk 00:40:53]} {[%emt
00:00:42]} Rb1+ {[%clk 00:19:16]} {[%emt 00:01:13]} 44. Rd1 {[%clk 00:39:29]}
{[%emt 00:00:09]} Rxd1# {[%clk 00:19:16]} 0-1